Science Quiz

Random Science or Biology Quiz

Bones Venn Diagram Quiz Stats

 Plays Quiz not verified by Sporcle

Score 0/8 Timer 02:00
0 Plays Today
% Correct
Tibia
85.1%
Patella
83.4%
Ulna
82%
Zygomatic bone
78.1%
Hyoid bone
67.1%
Cuneiform bone
59.8%
Clavicle
59.4%
Metatarsus
36.7%

You're not logged in!

Compare scores with friends on all Sporcle quizzes.
OR
Log In

Show Comments

Extras

Top Quizzes Today


Score Distribution

Your Account Isn't Verified!

In order to create a playlist on Sporcle, you need to verify the email address you used during registration. Go to your Sporcle Settings to finish the process.

Report this User

Report this user for behavior that violates our Community Guidelines.

Details: